| 000 | 00768cab a2200253 4500 | ||
|---|---|---|---|
| 001 | WB3135-16 | ||
| 008 | 090401t1995 xxu||||| |||| 00| 0 eng d | ||
| 035 | _a(Sirsi) u70380 | ||
| 041 | _aeng | ||
| 245 | _aDoE backs quality housing | ||
| 260 | _c1995 | ||
| 350 | _a0 | ||
| 490 |
_aBuilding Design _v(1234) 15 September 1995, 1(1) |
||
| 520 | _aThe DoE is to fund a study into an RIBA proposed housing value assessment system that would aim to improve the quality of housing by rating scores in categories from space provision to appearance. | ||
| 650 | _aDOE | ||
| 650 | _aHOUSING QUALITY | ||
| 650 | _aHOUSING STANDARDS | ||
| 650 | _aHVA | ||
| 650 | _aRIBA | ||
| 650 | _aVALUE ASSESSMENT | ||
| 690 | _aHOUSING | ||
| 942 | _n0 | ||
| 948 | _c04/03/1997 | ||
| 999 |
_c44255 _d44255 |
||